| 000 | 02176cam a2200517 a 4500 | ||
|---|---|---|---|
| 001 | 16165348 | ||
| 003 | OSt | ||
| 005 | 20180116183012.0 | ||
| 008 | 100331s2011 caua b 001 0 eng | ||
| 010 | _a 2010925915 | ||
| 015 |
_aGBB091094 _2bnb |
||
| 016 | 7 |
_a101552652 _2DNLM |
|
| 020 | _a9781849204026 (hbk.) | ||
| 020 | _a1849204020 (hbk.) | ||
| 020 | _a9781849204033 (pbk.) | ||
| 020 | _a1849204039 (pbk.) | ||
| 035 | _a(OCoLC)ocn689010386 | ||
| 040 |
_aNLM _cNLM _dNLE _dUAB _dYDXCP _dVRC _dTTS _dCDX _dDLC |
||
| 042 |
_anlmcopyc _alccopycat |
||
| 050 | 0 | 0 |
_aBF636.6 _b.N45 2011 |
| 060 | 0 | 0 | _a2011 B-087 |
| 060 | 1 | 0 | _aWM 420 |
| 082 | 0 | 4 |
_a158.3 JON 2011 _222 |
| 100 | 1 | _aNelson-Jones, Richard. | |
| 245 | 1 | 0 |
_aTheory and practice of counselling and therapy / _cRichard Nelson-Jones. |
| 246 | 1 | 4 | _aTheory and practice of counselling & therapy |
| 250 | _aFifth Edition | ||
| 260 |
_aLos Angeles, Calif. ; London : _bSAGE, _c2011. |
||
| 300 |
_aix, 502 p. : _bill. ; _c23 cm. |
||
| 440 | _aCounselling & Therapy | ||
| 500 | _aPrevious ed.: 2006. | ||
| 504 | _aIncludes bibliographical references and indexes. | ||
| 505 | 0 | _aCreating counseling and therapy approaches -- Freud's psychoanalysis -- Jung's analytical therapy -- Person-centred therapy -- Gestalt therapy -- Transactional analysis -- Reality therapy -- Existential therapy -- Logotherapy -- Behaviour therapy -- Rational emotive behaviour therapy -- Cognitive therapy -- Multimodal therapy -- Solution-focused therapy / Alasdair Macdonald -- Narrative therapy / Martin Payne -- Multicultural therapy -- Gender therapy -- Evaluation, eclecticism and integration -- Glossary. | |
| 650 | 0 | _aCounseling psychology. | |
| 650 | 0 |
_aCounseling psychology _xPractice. |
|
| 650 | 0 | _aCounseling. | |
| 650 | 0 | _aPsychotherapy. | |
| 650 | 0 |
_aPsychotherapy _xPractice. |
|
| 650 | 0 | _aPsychoanalytic counseling. | |
| 650 | 1 | 2 | _aCounseling. |
| 650 | 1 | 2 | _aPsychotherapy. |
| 906 |
_a7 _bcbc _ccopycat _d2 _encip _f20 _gy-gencatlg |
||
| 942 |
_2ddc _cBK |
||
| 999 |
_c350335 _d350335 |
||